000
00295nam a22001337a 4500
008
170222b xxu||||| |||| 00| 0 eng d
020
_a
9781416046196
041
_a
eng
080
_2
3RD
_a
616.31
100
_a
5
101
_a
SHS
245
_a
DENTAL INSTRUMENTS
_c
BOYD, L.R.B
942
_2
udc
_c
BK
999
_c
6054
_d
6054